[Event "European Team Championship (Women)"]
[Site "Reykjavik ISL"]
[Date "2015.11.15"]
[EventDate "2015.11.13"]
[Round "3.7"]
[Result "1/2-1/2"]
[White "Kubra Ozturk"]
[Black "Lilit Galojan"]
[WhiteElo "2256"]
[BlackElo "2298"]
[PlyCount "102"]

1. d4 Nf6 2. c4 e6 3. Nf3 b6 4. g3 Bb7 5. Bg2 Be7 6. O-O O-O
7. Re1 d6 8. b3 c5 9. Bb2 cxd4 10. Qxd4 Qc7 11. Nc3 a6 12. e4
Nbd7 13. Rac1 Rfd8 14. h3 Rac8 15. g4 Ne5 16. Qe3 Ng6 17. g5
Nd7 18. h4 Qc5 19. Qxc5 bxc5 20. Nb1 Nde5 21. Bxe5 dxe5
22. Rc3 f6 23. Kh2 Nf4 24. Bf1 Kf7 25. Rce3 h6 26. gxh6 gxh6
27. Nc3 Bc6 28. Rb1 Rd4 29. a3 Rb8 30. Ree1 Rd7 31. Re3 Rd4
32. Ree1 Rd7 33. Re3 Bd6 34. Na2 Rdb7 35. Rd1 Ke7 36. Nc1 Bc7
37. Ne1 Rg8 38. Rg3 Kf7 39. Ned3 Nxd3 40. Bxd3 f5 41. Rxg8
Kxg8 42. f3 Kf7 43. Kh3 Ba5 44. Bc2 Bc3 45. Rd6 Rc7 46. exf5
exf5 47. Bxf5 Bxf3 48. Rd3 Bb2 49. Rxf3 Bxc1 50. Be4+ Bf4
51. Rd3 Ke7 1/2-1/2

[Event "European Team Championship (Women)"]
[Site "Reykjavik ISL"]
[Date "2015.11.16"]
[EventDate "2015.11.13"]
[Round "4.7"]
[Result "1/2-1/2"]
[White "Bianca de Jong-Muhren"]
[Black "Kubra Ozturk"]
[WhiteElo "2312"]
[BlackElo "2256"]
[PlyCount "118"]

1. e4 e5 2. Nc3 Nf6 3. g3 Bb4 4. Bg2 Bxc3 5. dxc3 h6 6. Ne2
O-O 7. h3 d6 8. O-O Nbd7 9. c4 Nc5 10. Nc3 a5 11. a4 b6
12. Qe2 Bb7 13. b3 Qd7 14. Bb2 Rae8 15. Rad1 Qc8 16. Rfe1 Nh7
17. Nd5 Bc6 18. f4 exf4 19. gxf4 f5 20. e5 Ne4 21. Kh2 dxe5
22. fxe5 Nhg5 23. Qh5 Ne6 24. Qh4 Rf7 25. Rg1 N6g5 26. Rd3 Qe6
27. Nf4 Qe7 28. Qh5 Ne6 29. Ng6 Qg5 30. Bf3 Qxh5 31. Bxh5 Nf2
32. Rd2 Ne4 33. Rdd1 Rd7 34. Rxd7 Bxd7 35. Nh4 Rf8 36. Rd1 Bc8
37. Ng6 Re8 38. Nf4 Rf8 39. Nd5 N4c5 40. Ne7+ Kh7 41. Bg6+ Kh8
42. Nxc8 Rxc8 43. Bxf5 Rf8 44. Rf1 Rd8 45. Rf2 Rd1 46. Bg6 Kg8
47. Bc3 Ng5 48. Bb2 Re1 49. h4 Nce4 50. Bxe4 Nxe4 51. Rg2 Nc5
52. Rf2 Nd7 53. Rf5 g6 54. Rf2 Nxe5 55. Kg3 Nd7 56. Bd4 Re4
57. Bb2 h5 58. Bc1 Nc5 59. Bf4 Ne6 1/2-1/2

[Event "European Team Championship (Women)"]
[Site "Reykjavik ISL"]
[Date "2015.11.17"]
[EventDate "2015.11.13"]
[Round "5.10"]
[Result "1/2-1/2"]
[White "Kubra Ozturk"]
[Black "Ana Srebrnic"]
[WhiteElo "2256"]
[BlackElo "2238"]
[PlyCount "74"]

1. d4 Nf6 2. c4 b6 3. f3 Nc6 4. Nc3 e5 5. d5 Ne7 6. d6 cxd6
7. e4 Bb7 8. Nge2 Nc6 9. Ng3 g6 10. Be2 Nd4 11. Be3 Nxe2
12. Ngxe2 d5 13. cxd5 Bc5 14. Qd2 Bxe3 15. Qxe3 d6 16. O-O O-O
17. a4 Ba6 18. Rfc1 Qd7 19. a5 Bxe2 20. Nxe2 bxa5 21. Rxa5
Rfb8 22. Ra2 Rb7 23. Rc6 Rab8 24. Qa3 Ne8 25. h3 Rb3 26. Qxa7
Qxa7+ 27. Rxa7 Rxb2 28. Nc3 Rd2 29. Ra2 Rxa2 30. Nxa2 Kf8
31. Nc3 Ke7 32. Na4 Ra8 33. Nb6 Ra2 34. Nc8+ Kd7 35. Nb6+ Ke7
36. Nc8+ Kd7 37. Nb6+ Ke7 1/2-1/2

[Event "European Team Championship (Women)"]
[Site "Reykjavik ISL"]
[Date "2015.11.19"]
[EventDate "2015.11.13"]
[Round "6.9"]
[Result "1-0"]
[White "Kubra Ozturk"]
[Black "Laura Stoeri"]
[WhiteElo "2256"]
[BlackElo "2115"]
[PlyCount "71"]

1. d4 Nf6 2. Nf3 e6 3. c4 Bb4+ 4. Nbd2 b6 5. a3 Bxd2+ 6. Qxd2
Bb7 7. e3 a5 8. b3 d6 9. Be2 Nbd7 10. Bb2 O-O 11. O-O Qe7
12. b4 Rfd8 13. Qc3 Ne4 14. Qd3 d5 15. c5 c6 16. Qc2 Rdb8
17. Nd2 Nxd2 18. Qxd2 Ba6 19. Bxa6 Rxa6 20. Bc3 axb4 21. axb4
Rba8 22. Qb2 b5 23. Rxa6 Rxa6 24. Ra1 Nb8 25. Rxa6 Nxa6
26. Qa1 Qb7 27. Qa5 Nc7 28. Qb6 Qxb6 29. cxb6 Na6 30. f3 Kf8
31. Be1 Ke7 32. b7 c5 33. dxc5 e5 34. Bg3 f6 35. f4 exf4
36. Bxf4 1-0

[Event "European Team Championship (Women)"]
[Site "Reykjavik ISL"]
[Date "2015.11.21"]
[EventDate "2015.11.13"]
[Round "8.8"]
[Result "1-0"]
[White "Yudania Hernandez Estevez"]
[Black "Kubra Ozturk"]
[WhiteElo "2207"]
[BlackElo "2256"]
[PlyCount "95"]

1. e4 e5 2. Nf3 Nc6 3. Bb5 a6 4. Ba4 Nf6 5. O-O Nxe4 6. d4 b5
7. Bb3 d5 8. dxe5 Be6 9. Qe2 Be7 10. Rd1 O-O 11. c4 bxc4
12. Bxc4 Bc5 13. Be3 Bxe3 14. Qxe3 Qb8 15. Bb3 Qb6 16. Qxb6
cxb6 17. Na3 Rfd8 18. Nc2 Rac8 19. Ncd4 Na5 20. Rac1 Nxb3
21. Nxb3 Nc5 22. Nfd4 Bd7 23. Rc3 Na4 24. Rxc8 Rxc8 25. Rd2
Rc4 26. f4 Nc5 27. Ne2 Be6 28. Nbd4 Ne4 29. Rd3 g6 30. h3 Nc5
31. Rd1 Ne4 32. g4 a5 33. Kg2 Bc8 34. f5 gxf5 35. gxf5 Kf8
36. Kf3 a4 37. a3 Nc5 38. Kf4 h6 39. Ke3 Nd7 40. Kf4 Nc5
41. Ke3 Nd7 42. e6 Nf6 43. Nf4 Ke7 44. Rg1 Kf8 45. exf7 Kxf7
46. Nd3 Rc7 47. Ne5+ Ke8 48. Rg6 1-0

[Event "European Team Championship (Women)"]
[Site "Reykjavik ISL"]
[Date "2015.11.22"]
[EventDate "2015.11.13"]
[Round "9.11"]
[Result "1/2-1/2"]
[White "Kubra Ozturk"]
[Black "Niina (Koskela) Sammalvuo"]
[WhiteElo "2256"]
[BlackElo "2204"]
[PlyCount "68"]

1. d4 Nf6 2. c4 e6 3. Nf3 b6 4. g3 Ba6 5. b3 Bb4+ 6. Bd2 Be7
7. Nc3 O-O 8. e4 d5 9. Qc2 c5 10. cxd5 Bxf1 11. Kxf1 exd5
12. e5 Ne8 13. Qd3 Nc6 14. a3 cxd4 15. Ne2 f6 16. Nexd4 Nxd4
17. Nxd4 Qd7 18. e6 Qb7 19. Kg2 Bc5 20. Bf4 g5 21. Bd2 Bxd4
22. Qxd4 Ng7 23. Rhe1 Rae8 24. Bb4 Nxe6 25. Bxf8 Nxd4 26. Rxe8
Nf5 27. Rae1 d4+ 28. Kg1 Kf7 29. g4 Qf3 30. gxf5 Qg4+ 31. Kh1
Qf3+ 32. Kg1 Qg4+ 33. Kh1 Qf3+ 34. Kg1 Qg4+ 1/2-1/2

[Event "Graz Open A"]
[Site "Graz AUT"]
[Date "2016.02.12"]
[EventDate "?"]
[Round "1.2"]
[Result "0-1"]
[White "Kubra Ozturk"]
[Black "Markus Ragger"]
[WhiteElo "2241"]
[BlackElo "2682"]
[PlyCount "94"]

1. d4 Nf6 2. c4 g6 3. g3 c5 4. d5 b5 5. cxb5 a6 6. bxa6 d6
7. Bg2 Bg7 8. Nc3 Nbd7 9. Nf3 Nb6 10. O-O O-O 11. e4 Bxa6
12. Re1 Nc4 13. Qc2 Qa5 14. Bh3 Rfb8 15. e5 Ne8 16. b3 Nxe5
17. Nxe5 Bxe5 18. Bd2 c4 19. Rab1 cxb3 20. axb3 Nf6 21. b4
Rxb4 22. Ne4 Qa4 23. Nxf6+ Bxf6 24. Qc6 Bb5 25. Qxa8+ Qxa8
26. Bxb4 Qxd5 27. Bg2 Qh5 28. Ba3 Bd3 29. Rb8+ Kg7 30. Bb2 Qa5
31. Bxf6+ Kxf6 32. Rd1 Bc2 33. Rc1 Qd2 34. Ra1 d5 35. Rb6+ e6
36. Rb7 d4 37. Bf3 Bd3 38. Rd1 Qc2 39. Rd7 e5 40. Rd6+ Kg7
41. Rc6 Qb3 42. Rcc1 Bc2 43. Rf1 Qb2 44. Ra1 d3 45. Ra7 d2
46. Rd7 Qc1 47. h4 Qe1 0-1

[Event "European Individual Championship (Women)"]
[Site "Mamaia ROU"]
[Date "2016.05.27"]
[EventDate "2016.05.27"]
[Round "1.25"]
[Result "0-1"]
[White "Maia Lomineishvili"]
[Black "Kubra Ozturk"]
[WhiteElo "2367"]
[BlackElo "2226"]
[PlyCount "84"]

1. d4 Nf6 2. c4 e6 3. Nf3 b6 4. e3 Bb7 5. Nc3 d5 6. cxd5 exd5
7. Bb5+ c6 8. Bd3 Bd6 9. O-O O-O 10. e4 dxe4 11. Nxe4 Nxe4
12. Bxe4 Nd7 13. Bg5 Be7 14. Bxe7 Qxe7 15. Re1 Qd6 16. Rc1 Nf6
17. Bf5 Rfe8 18. Ne5 Rad8 19. Qb3 Qd5 20. Bc2 Re7 21. Qh3 Rde8
22. Red1 Qd6 23. Ba4 Nd5 24. Qg3 b5 25. Bb3 c5 26. f4 c4
27. Bc2 f6 28. Qh4 h6 29. Re1 fxe5 30. fxe5 Qb6 31. Kh1 g5
32. Qg3 Qxd4 33. Rcd1 Qf4 34. Qh3 g4 35. Qh5 Qg5 36. Bg6 Rf8
37. Qxg5 hxg5 38. Be4 Nf4 39. Bxb7 Rxb7 40. Kg1 Nd3 41. Re2
Re7 42. e6 Rf6 0-1

[Event "European Individual Championship (Women)"]
[Site "Mamaia ROU"]
[Date "2016.05.28"]
[EventDate "2016.05.27"]
[Round "2.20"]
[Result "1-0"]
[White "Kubra Ozturk"]
[Black "Irina Bulmaga"]
[WhiteElo "2226"]
[BlackElo "2360"]
[PlyCount "83"]

1. d4 Nf6 2. c4 e6 3. g3 c5 4. d5 exd5 5. cxd5 d6 6. Nc3 g6
7. Bg2 Bg7 8. Nf3 O-O 9. O-O Re8 10. Bf4 Ne4 11. Nxe4 Rxe4
12. Nd2 Rxf4 13. gxf4 Nd7 14. Ne4 Qe7 15. Qd2 Nb6 16. Rac1 a5
17. b3 Bd7 18. Rfd1 Bg4 19. Re1 a4 20. b4 c4 21. Nc3 Re8
22. e4 Bh6 23. f3 Bd7 24. Qd4 Nc8 25. Qxc4 Bxf4 26. Ne2 Be3+
27. Kh1 Na7 28. Qc7 Bxc1 29. Nxc1 Rc8 30. Qxb7 Nb5 31. Ne2 Rc2
32. Qa8+ Kg7 33. Qxa4 Nd4 34. b5 Rd2 35. Nxd4 Qg5 36. Rg1 Qf4
37. Nb3 Rd3 38. Qc4 Rxf3 39. Qd4+ Kg8 40. e5 Qf5 41. b6 Rf4
42. b7 1-0

[Event "European Individual Championship (Women)"]
[Site "Mamaia ROU"]
[Date "2016.05.30"]
[EventDate "2016.05.27"]
[Round "4.23"]
[Result "0-1"]
[White "Kubra Ozturk"]
[Black "Szidonia Lazarne Vajda"]
[WhiteElo "2226"]
[BlackElo "2345"]
[PlyCount "72"]

1. d4 Nf6 2. c4 g6 3. Nc3 Bg7 4. e4 d6 5. Be2 O-O 6. Be3 c5
7. dxc5 Qa5 8. Bd2 Qxc5 9. b4 Qc7 10. Rc1 Nc6 11. Nd5 Qd7
12. Nxf6+ Bxf6 13. Nf3 b6 14. O-O Bb7 15. b5 Ne5 16. Nxe5 Bxe5
17. Bh6 Rfd8 18. f4 Bg7 19. Bxg7 Kxg7 20. Bd3 Qc7 21. Qe1 Qc5+
22. Kh1 f6 23. Rc2 Rac8 24. Re2 Qd4 25. Re3 Rc5 26. Qe2 a6
27. Rg3 axb5 28. cxb5 Rdc8 29. Qe3 Qxe3 30. Rxe3 Ra8 31. Re2
Ra3 32. Rd2 Ra4 33. Re1 Bxe4 34. Bf1 f5 35. Kg1 Kf6 36. Kf2
Bd5 0-1

[Event "European Individual Championship (Women)"]
[Site "Mamaia ROU"]
[Date "2016.05.31"]
[EventDate "2016.05.27"]
[Round "5.29"]
[Result "1/2-1/2"]
[White "Gulnar Mammadova"]
[Black "Kubra Ozturk"]
[WhiteElo "2319"]
[BlackElo "2226"]
[PlyCount "49"]

1. e4 e5 2. Nf3 Nc6 3. Bb5 a6 4. Ba4 Nf6 5. d3 b5 6. Bb3 Be7
7. Nc3 d6 8. a4 b4 9. Nd5 Na5 10. Ba2 Nxd5 11. exd5 c5
12. dxc6 Nxc6 13. Bd5 Bd7 14. O-O Qa5 15. Bb3 O-O 16. h3 d5
17. Re1 Bf6 18. Bg5 Bxg5 19. Nxg5 h6 20. Nf3 Rfe8 21. c4 bxc3
22. bxc3 Rad8 23. Rc1 Bf5 24. Nh4 Bc8 25. Qh5 1/2-1/2

[Event "European Individual Championship (Women)"]
[Site "Mamaia ROU"]
[Date "2016.06.03"]
[EventDate "2016.05.27"]
[Round "7.33"]
[Result "1/2-1/2"]
[White "Aydan Hojjatova"]
[Black "Kubra Ozturk"]
[WhiteElo "2300"]
[BlackElo "2226"]
[PlyCount "196"]

1. e4 e5 2. Nf3 Nc6 3. Bc4 Bc5 4. c3 Nf6 5. d3 a6 6. a4 Ba7
7. O-O d6 8. b4 Ne7 9. Nbd2 Ng6 10. Re1 O-O 11. Nf1 c6 12. Bb3
Re8 13. Ng3 Be6 14. Bxe6 Rxe6 15. Be3 Bxe3 16. fxe3 d5 17. Qb3
Qd7 18. Rad1 Rd8 19. Nf5 Ree8 20. c4 Qc8 21. Qc2 Ne7 22. Ng3
dxe4 23. dxe4 c5 24. b5 axb5 25. axb5 Qe6 26. Rxd8 Rxd8
27. Rd1 Ra8 28. Qd3 h6 29. Nf5 Ng6 30. Nd2 Kh7 31. Ng3 Ra2
32. Qb3 Ra8 33. Qd3 Ra2 34. Qb3 Ra8 35. Qd3 Qg4 36. Ndf1 Ra2
37. h3 Qg5 38. Qb3 Ra8 39. Qb2 Nh4 40. Qc2 Ra3 41. Rd3 Ra1
42. Rd1 Ra8 43. Rd6 h5 44. Kh2 Ng6 45. Rd1 Ra3 46. Qb2 Ra4
47. Qc2 Ra3 48. Qb2 Ra8 49. Qc2 Ne7 50. Nh1 Ng6 51. Nhg3 Nf8
52. Nf5 Qg6 53. Nd2 Rd8 54. Rf1 Ne8 55. Nf3 f6 56. Ne7 Qh6
57. Nf5 Qg6 58. Qa4 Ne6 59. Qa7 Qf7 60. Ng3 Qd7 61. Nxh5 Qd3
62. Ng3 Qxc4 63. Qxb7 Nd6 64. Qe7 Nc8 65. Qf7 Nd6 66. Qh5+ Kg8
67. Qg6 Nf8 68. Qg4 Qe6 69. Nf5 Nxf5 70. exf5 Qd6 71. Qc4+ Qd5
72. Rc1 Qxc4 73. Rxc4 Nd7 74. Rc1 Rb8 75. Rb1 c4 76. Rc1 Nb6
77. Nd2 Kf8 78. Kg3 Ke7 79. Kf3 Rd8 80. Ke2 Rd5 81. Nxc4 Rxb5
82. Nxb6 Rxb6 83. Rc7+ Kf8 84. Kf3 Kg8 85. g4 Rb1 86. h4 Rg1
87. Rc4 Kh7 88. Kf2 Rh1 89. g5 fxg5 90. hxg5 Rh5 91. Rg4 Kg8
92. Kf3 Kf7 93. Rg1 g6 94. Ke4 Rh3 95. Ra1 gxf5+ 96. Kxf5 Rxe3
97. Ra7+ Kf8 98. Kg6 e4 1/2-1/2

[Event "European Individual Championship (Women)"]
[Site "Mamaia ROU"]
[Date "2016.06.04"]
[EventDate "2016.05.27"]
[Round "8.34"]
[Result "1/2-1/2"]
[White "Anna Rudolf"]
[Black "Kubra Ozturk"]
[WhiteElo "2301"]
[BlackElo "2226"]
[PlyCount "30"]

1. e4 e5 2. Nf3 Nc6 3. d4 exd4 4. Nxd4 Bc5 5. Nb3 Bb6 6. Nc3
Nf6 7. Qe2 a5 8. a4 Nb4 9. Bg5 h6 10. Bh4 d6 11. O-O-O Qe7
12. f3 Bd7 13. Kb1 O-O 14. g4 Rfe8 15. Qe1 Qe6 1/2-1/2

[Event "European Individual Championship (Women)"]
[Site "Mamaia ROU"]
[Date "2016.06.05"]
[EventDate "2016.05.27"]
[Round "9.30"]
[Result "1-0"]
[White "Kubra Ozturk"]
[Black "Salomeja Zaksaite"]
[WhiteElo "2226"]
[BlackElo "2312"]
[PlyCount "51"]

1. d4 Nf6 2. c4 e5 3. dxe5 Ng4 4. e4 Nxe5 5. f4 Ng6 6. Be3
Bb4+ 7. Nd2 Qe7 8. Qc2 f5 9. O-O-O Bxd2+ 10. Bxd2 fxe4 11. Re1
O-O 12. Rxe4 Qc5 13. Bd3 d6 14. Nf3 Bf5 15. Ng5 Nc6 16. Qc3 h6
17. g4 Bxg4 18. Be3 Qb4 19. Qc2 hxg5 20. c5 Nxf4 21. Bxf4 Nd4
22. Bc4+ Kh8 23. Rxd4 Rxf4 24. h4 Bh3 25. hxg5 g6 26. Rxf4 1-0

[Event "European Individual Championship (Women)"]
[Site "Mamaia ROU"]
[Date "2016.06.06"]
[EventDate "2016.05.27"]
[Round "10.23"]
[Result "1/2-1/2"]
[White "Kubra Ozturk"]
[Black "Daria Charochkina"]
[WhiteElo "2226"]
[BlackElo "2362"]
[PlyCount "157"]

1. d4 e6 2. c4 c5 3. d5 Ne7 4. Nc3 d6 5. g3 exd5 6. cxd5 Qa5
7. Bd2 b5 8. e4 b4 9. Nb5 Qb6 10. a3 Bd7 11. a4 Ng6 12. Qb3
Qd8 13. e5 Nxe5 14. f4 a6 15. Nxd6+ Bxd6 16. fxe5 Bxe5 17. Nf3
Bd6 18. Bd3 O-O 19. O-O h6 20. Bc2 Bh3 21. Qd3 f5 22. Nh4 c4
23. Qxc4 Nd7 24. Bxf5 Qb6+ 25. Kh1 Ne5 26. Qe4 Bxf1 27. Rxf1
Rac8 28. Be3 Qd8 29. Be6+ Kh8 30. Rxf8+ Qxf8 31. Bxc8 Qxc8
32. Nf5 Bb8 33. d6 Nc4 34. Bf4 Nxd6 35. Bxd6 Bxd6 36. Kg2 Bf8
37. Nh4 Bc5 38. Ng6+ Kg8 39. h4 a5 40. h5 Bf8 41. Kf3 Qc5
42. g4 Qd6 43. Ke2 Qh2+ 44. Kd1 Qg1+ 45. Kc2 Qf2+ 46. Kd3 Qg3+
47. Kc4 Qc7+ 48. Kd3 Qg3+ 49. Kd2 Qf2+ 50. Kd1 Qf1+ 51. Kc2
Qf2+ 52. Kb3 Qg3+ 53. Kc4 Qc7+ 54. Kd4 Bc5+ 55. Kd3 Qc8
56. Qc4+ Kh7 57. Kc2 Qc6 58. Nf8+ Kh8 59. Ng6+ Kh7 60. Nf8+
Kh8 61. Ng6+ Kh7 62. Ne5 Qxa4+ 63. Kd2 Be7 64. Qd3+ Kg8
65. Qd5+ Kh7 66. Qe4+ Kg8 67. Qc4+ Kh7 68. Qe4+ Kg8 69. Qa8+
Kh7 70. Qe4+ Kg8 71. Qc4+ Kh7 72. Qd3+ Kg8 73. Qc4+ Kh7
74. Qe4+ Kg8 75. Qc4+ Kh7 76. Qd3+ Kg8 77. Qd5+ Kh7 78. Qe4+
Kg8 79. Qc4+ 1/2-1/2

[Event "European Individual Championship (Women)"]
[Site "Mamaia ROU"]
[Date "2016.06.07"]
[EventDate "2016.05.27"]
[Round "11.20"]
[Result "1/2-1/2"]
[White "Narmin Kazimova"]
[Black "Kubra Ozturk"]
[WhiteElo "2364"]
[BlackElo "2226"]
[PlyCount "73"]

1. d4 Nf6 2. c4 e6 3. Nf3 b6 4. Nc3 Bb7 5. Bg5 h6 6. Bh4 Bb4
7. e3 g5 8. Bg3 Ne4 9. Qc2 f5 10. Bd3 Bxc3+ 11. bxc3 O-O
12. O-O d6 13. a4 a5 14. Nd2 Nxd2 15. Qxd2 Nd7 16. f3 Qf6
17. f4 g4 18. Rae1 Qg6 19. Qc2 Nf6 20. d5 Ne4 21. Bxe4 fxe4
22. Rd1 Ba6 23. Qb3 exd5 24. Rxd5 Rf5 25. Rfd1 Rxd5 26. cxd5
Bd3 27. c4 Rf8 28. Be1 Rf5 29. Qb5 Rf8 30. Qd7 Qg7 31. Qe6+
Kh7 32. Rc1 Rf6 33. Qc8 Rf8 34. Qe6 Rf6 35. Qc8 Rf8 36. Qe6
Rf6 37. Qc8 1/2-1/2

[Event "Chess Olympiad (Women)"]
[Site "Tromso NOR"]
[Date "2016.09.09"]
[EventDate "?"]
[Round "7.14"]
[Result "1/2-1/2"]
[White "Thi Mai Hung Nguyen"]
[Black "Kubra Ozturk"]
[WhiteElo "2316"]
[BlackElo "2277"]
[PlyCount "95"]

1. d4 Nf6 2. Bg5 c5 3. dxc5 Ne4 4. Bh4 Nxc5 5. a3 Qb6 6. b4
Ne4 7. Nf3 a5 8. c3 axb4 9. cxb4 Nc6 10. Qd5 Nxb4 11. Qxe4 d5
12. Qxb4 Qxb4+ 13. axb4 Rxa1 14. Nd2 e5 15. e3 Bxb4 16. Bd3
Ra2 17. f3 O-O 18. e4 dxe4 19. fxe4 h6 20. h3 Be6 21. Ke2 Rc8
22. Bf2 g6 23. g4 Bc4 24. Bxc4 Rxc4 25. Kd3 Rc8 26. Be3 b5
27. Bxh6 Rd8+ 28. Ke2 Rd4 29. Be3 Bxd2 30. Nxd2 Rxe4 31. Kf3
Rb4 32. g5 Kg7 33. Ne4 Rb3 34. Nf6 Raa3 35. Ng4 b4 36. Ke4 Rc3
37. Rb1 Rc4+ 38. Kxe5 Rxg4 39. hxg4 Rxe3+ 40. Kf4 Re2 41. Rxb4
Re1 42. Rb7 Kf8 43. Rb8+ Ke7 44. Rb7+ Ke6 45. Rb6+ Kd5
46. Rb5+ Ke6 47. Rb6+ Kd5 48. Rb5+ 1/2-1/2

[Event "Chess Olympiad (Women)"]
[Site "Tromso NOR"]
[Date "2016.09.10"]
[EventDate "2016.09.02"]
[Round "8.22"]
[Result "0-1"]
[White "Angelina Fransson"]
[Black "Kubra Ozturk"]
[WhiteElo "1996"]
[BlackElo "2277"]
[PlyCount "46"]

1. e4 e5 2. Nf3 Nc6 3. Bb5 a6 4. Ba4 Nge7 5. O-O g6 6. c3 Bg7
7. d4 b5 8. Bb3 exd4 9. cxd4 d6 10. h3 O-O 11. Nc3 Na5 12. Bc2
c5 13. Bg5 h6 14. Bh4 g5 15. Bg3 Nc4 16. Rb1 Qb6 17. dxc5 dxc5
18. Nd5 Nxd5 19. exd5 f5 20. d6 Bb7 21. b3 Na3 22. Ne5 Nxc2
23. Nd7 Qc6 0-1

[Event "Chess Olympiad (Women)"]
[Site "Tromso NOR"]
[Date "2016.09.11"]
[EventDate "2016.09.02"]
[Round "9.17"]
[Result "0-1"]
[White "Kubra Ozturk"]
[Black "Maria Florencia Fernandez"]
[WhiteElo "2277"]
[BlackElo "2189"]
[PlyCount "50"]

1. d4 Nf6 2. c4 g6 3. Nf3 Bg7 4. g3 O-O 5. Bg2 d6 6. O-O Nc6
7. Nc3 Bf5 8. b3 e5 9. d5 Ne7 10. Bb2 Qd7 11. Nh4 Bh3 12. e4
Nh5 13. Rc1 Bxg2 14. Kxg2 f5 15. exf5 Nxf5 16. Nxf5 Qxf5
17. f3 e4 18. fxe4 Qg5 19. Rc2 Rxf1 20. Qxf1 Bd4 21. Qd1 Qe5
22. Qd3 Rf8 23. Rd2 Nf4+ 24. gxf4 Qxf4 25. Kh1 Be3 0-1

[Event "Chess Olympiad (Women)"]
[Site "Tromso NOR"]
[Date "2016.09.12"]
[EventDate "2016.09.02"]
[Round "10.22"]
[Result "1/2-1/2"]
[White "Kubra Ozturk"]
[Black "Haritomeni Markantonaki"]
[WhiteElo "2277"]
[BlackElo "2188"]
[PlyCount "84"]

1. d4 Nf6 2. c4 e6 3. g3 Bb4+ 4. Bd2 Qe7 5. Bg2 Nc6 6. e3 e5
7. d5 Bxd2+ 8. Qxd2 Nb8 9. d6 cxd6 10. Nc3 d5 11. Nxd5 Nxd5
12. cxd5 d6 13. Ne2 O-O 14. O-O Nd7 15. Rfc1 Nf6 16. a4 Bf5
17. a5 Ne4 18. Qb4 Ng5 19. g4 Bd3 20. Ng3 e4 21. Nf5 Qe5
22. Qxd6 Qxb2 23. Qa3 Qe2 24. Qc3 f6 25. Qc7 Rf7 26. Qg3 Nf3+
27. Bxf3 Qxf3 28. Rc3 Qxg3+ 29. hxg3 Rd7 30. d6 Rad8 31. Rac1
g6 32. Ne7+ Kf7 33. Nc8 Ke6 34. f4 Be2 35. g5 fxg5 36. Rc5
gxf4 37. gxf4 Bf3 38. Rc7 h5 39. R1c5 Rxc7 40. Rxc7 Rd7
41. Rc5 Rd8 42. Rc7 Rd7 1/2-1/2

[Event "Chess Olympiad (Women)"]
[Site "Tromso NOR"]
[Date "2016.09.13"]
[EventDate "2016.09.02"]
[Round "11.16"]
[Result "1-0"]
[White "Elena Luminita Radu Cosma"]
[Black "Kubra Ozturk"]
[WhiteElo "2331"]
[BlackElo "2277"]
[PlyCount "73"]

1. d4 Nf6 2. Nf3 e6 3. c4 b6 4. g3 Bb7 5. Bg2 Be7 6. O-O O-O
7. Re1 d5 8. cxd5 exd5 9. Nc3 Nbd7 10. Bf4 a6 11. Rc1 b5
12. Nh4 c5 13. Nf5 c4 14. Bc7 Qxc7 15. Nxe7+ Kh8 16. Nexd5
Nxd5 17. Nxd5 Qa5 18. Nc3 Bxg2 19. Kxg2 Rad8 20. Qc2 b4
21. Ne4 Qd5 22. f3 Qxd4 23. Qxc4 Qxb2 24. Rb1 Ne5 25. Qc5 Qd4
26. Rxb4 Qxc5 27. Nxc5 Rd2 28. Re4 f6 29. a4 a5 30. Rb1 Rd5
31. Ne6 Rc8 32. Rb7 Rd7 33. Rb5 Rd6 34. Nd4 Ra6 35. Nb3 Rca8
36. f4 Nc6 37. Re6 1-0

[Event "European Individual Championship (Women)"]
[Site "Riga, Latvia"]
[Date "2017.04.12"]
[EventDate "2017.04.12"]
[Round "2.57"]
[Result "0-1"]
[White "Margarita Parhomenko"]
[Black "Kubra Ozturk"]
[WhiteElo "1987"]
[BlackElo "2261"]
[PlyCount "108"]

1.Nf3 d5 2.b3 c5 3.Bb2 Nc6 4.c4 d4 5.g3 e5 6.d3 Be7 7.a3 Bf5
8.Nbd2 Qd7 9. Bg2 Bh3 10.Bxh3 Qxh3 11.e3 dxe3 12.fxe3 O-O-O
13.Qe2 Qe6 14.O-O-O Nh6 15. Ne4 f5 16.Nc3 Bf6 17.Nd5 e4 18.Ne1
Bxb2+ 19.Qxb2 Rd7 20.Ng2 Re8 21.d4 cxd4 22.exd4 Ng4 23.h3 Qh6+
24.Kb1 Nf6 25.Nde3 Qg6 26.Nh4 Qxg3 27.Nhxf5 Qc7 28. d5 Ne5
29.Qd4 Kb8 30.c5 Nd3 31.b4 Qe5 32.Qxe5+ Rxe5 33.Rhf1 Nxd5
34.Nxd5 Rexd5 35.Nd6 Re7 36.Rf8+ Kc7 37.Nb5+ Kd7 38.Nc3 Rd4
39.Nb5 Rc4 40.Nd6 Rc3 41.Nb5 Rb3+ 42.Kc2 Rb2+ 43.Kc3 Rh2
44.Rb8 Ke6 45.Kd4 Rxh3 46.Nd6 Nf2 47. Re1 Rd3+ 48.Kc4 Rxd6
49.cxd6 Kxd6 50.Kd4 Rd7 51.Rf1 Kc7+ 52.Ke3 Ng4+ 53. Kf4 Kxb8
54.Kxg4 e3 0-1

[Event "European Individual Championship (Women)"]
[Site "Riga"]
[Date "2017.04.20"]
[EventDate "?"]
[Round "9.35"]
[Result "0-1"]
[White "Marta (Zielinska) Michna"]
[Black "Kubra Ozturk"]
[WhiteElo "2389"]
[BlackElo "2261"]
[PlyCount "130"]

1. g3 d5 2. Bg2 Nf6 3. b3 g6 4. Bb2 Bg7 5. f4 O-O 6. Nf3 Bg4
7. e3 c5 8. h3 Bxf3 9. Qxf3 Nc6 10. O-O Qd7 11. g4 Rad8 12. d3
e6 13. Qe2 Ne8 14. Bxg7 Nxg7 15. Nd2 f6 16. Rad1 d4 17. Ne4
Qe7 18. a3 f5 19. Ng5 h6 20. Bxc6 hxg5 21. Bg2 b6 22. Rde1
dxe3 23. Qxe3 gxf4 24. Rxf4 Qf6 25. Rf2 Qd4 26. Rf4 Qxe3+
27. Rxe3 Rd4 28. Ref3 e5 29. Rxd4 cxd4 30. Rf2 Kf7 31. Bd5+
Ke7 32. Kg2 Ne8 33. Kg3 Nc7 34. Bf3 Ne6 35. Bd5 Nf4 36. Bc4
Rh8 37. h4 g5 38. h5 fxg4 39. Kxg4 Rxh5 40. Kf5 Kd6 41. Rf1
Rh2 42. Kxg5 Rxc2 43. Rh1 Ne6+ 44. Kg4 Rg2+ 45. Kf3 Rg6
46. Rh8 Rf6+ 47. Ke2 Nc7 48. b4 b5 49. Bb3 Ne6 50. Bxe6 Kxe6
51. Ra8 Rh6 52. Rxa7 Rh2+ 53. Kd1 e4 54. dxe4 Ke5 55. a4 Kf4
56. axb5 Ke3 57. Kc1 d3 58. Rg7 Rh1+ 59. Kb2 d2 60. Rd7 d1=Q
61. Rxd1 Rxd1 62. b6 Kxe4 63. Kc3 Ke5 64. b7 Rd8 65. Kc4 Kd6
0-1

[Event "European Individual Championship (Women)"]
[Site "Riga LAT"]
[Date "2017.04.22"]
[EventDate "?"]
[Round "11.33"]
[Result "1/2-1/2"]
[White "Kubra Ozturk"]
[Black "Almira Skripchenko"]
[WhiteElo "2261"]
[BlackElo "2420"]
[PlyCount "41"]

1. d4 d6 2. Nf3 g6 3. c4 Bg7 4. e4 Nd7 5. Be2 e5 6. O-O Ne7
7. Nc3 O-O 8. Bg5 h6 9. Bh4 g5 10. Bg3 Ng6 11. dxe5 dxe5
12. Ne1 Nc5 13. Nc2 Nf4 14. b4 Nce6 15. Ne3 Qd4 16. Rc1 Nxe2+
17. Qxe2 Nf4 18. Qf3 c6 19. Rfd1 Qb6 20. a3 Be6 21. Nf5
1/2-1/2

[Event "European Team Championship (Women)"]
[Site "Hersonissos GRE"]
[Date "2017.10.28"]
[EventDate "2017.10.28"]
[Round "1.10"]
[Result "0-1"]
[White "Camille De Seroux"]
[Black "Kubra Ozturk"]
[WhiteElo "2163"]
[BlackElo "2364"]
[PlyCount "70"]

1. e4 e5 2. Nf3 Nc6 3. Nc3 Nf6 4. d4 exd4 5. Nxd4 Bb4 6. Nxc6
bxc6 7. Bd3 O-O 8. O-O Re8 9. Re1 d6 10. Bg5 h6 11. Bh4 Qe7
12. h3 Qe5 13. Bg3 Qg5 14. Qf3 Nh5 15. Bh2 Rb8 16. Kh1 Re6
17. e5 Bxc3 18. bxc3 dxe5 19. Rad1 Nf4 20. Bc4 Rf6 21. Rd8+
Kh7 22. Qg3 Qh5 23. Qe3 Bxh3 24. Rxb8 Bxg2+ 25. Kg1 Rg6
26. Bxf7 Bf3+ 27. Bxg6+ Qxg6+ 28. Bg3 Qh5 29. Bh2 Qh3 30. Qxf3
Qxf3 31. Bxf4 exf4 32. Ree8 Qh3 33. f3 Qg3+ 34. Kf1 Qxf3+
35. Ke1 Qxc3+ 0-1

[Event "European Team Championship (Women)"]
[Site "Hersonissos GRE"]
[Date "2017.10.29"]
[EventDate "2017.10.28"]
[Round "2.2"]
[Result "1-0"]
[White "Kubra Ozturk"]
[Black "Iosefina Paulet"]
[WhiteElo "2364"]
[BlackElo "2281"]
[PlyCount "79"]

1. d4 Nf6 2. c4 c5 3. d5 d6 4. Nc3 g6 5. e4 Bg7 6. Bf4 O-O
7. Be2 Ne8 8. Qd2 f5 9. exf5 Bxf5 10. g4 Bc8 11. Nh3 Nd7
12. f3 Ne5 13. O-O Nf7 14. Ng5 Nxg5 15. Bxg5 Nc7 16. Rae1 Rf7
17. Kg2 Qf8 18. f4 a6 19. a4 Rb8 20. b3 Bd7 21. a5 b6 22. axb6
Rxb6 23. Bd1 e6 24. dxe6 Bxe6 25. Bh4 Rd7 26. f5 gxf5 27. gxf5
Bf7 28. f6 Bh6 29. Bg5 Bxg5 30. Qxg5+ Kh8 31. Bg4 Rd8 32. Qg7+
Qxg7 33. fxg7+ Kxg7 34. Re7 Rf8 35. Rxc7 Rxb3 36. Nd5 Kg6
37. Be6 Rb2+ 38. Kg1 Bxe6 39. Rxf8 Bh3 40. Nf4+ 1-0